000 00579nam a2200193 a 4500
001 1084504
005 20240319050038.0
008 920114s1991 ce b 001 0 eng
020 _a9559121014 :
040 _aDLC
_cDLC
_dDLC
082 _222
_a323.4.
_bSRI.
100 1 _aWijesinha, Rajiva.
245 1 0 _aSri Lanka in crisis, 1977-88 :
_bJ.R. Jayawardene and the erosion of democracy /
_cRajiva Wijesinha.
260 _aColombo :
_bCouncil for Liberal Democracy,
_c1991.
300 _aviii, 207 p. ;
500 _aIncludes index.
650 0 _aTamil (Indic people)
942 _cL
999 _c586
_d586